Financial mathematics : lectures given at the 3rd session of the Centro Internazionale Matematico Estivo (C.I.M.E) held in Bressanone, Italy, July 8-13, 1996

Αποθηκεύτηκε σε:
Λεπτομέρειες βιβλιογραφικής εγγραφής
Συγγραφή απο Οργανισμό/Αρχή: Centro internazionale matematico estivo
Άλλοι συγγραφείς: Biais, B. (Bruno), Runggaldier, W. J. (Wolfgang J.) (Επιμελητής έκδοσης)
Μορφή: Βιβλίο
Γλώσσα:English
Δημοσίευση: Berlin ; New York : Springer-Verlag, c1997
Σειρά:Lecture notes in mathematics (Springer-Verlag) ; 1656
Θέματα:
Ετικέτες: Προσθήκη ετικέτας
Δεν υπάρχουν, Καταχωρήστε ετικέτα πρώτοι!

MARC

LEADER 00000cam a2200000 i 4500
001 1/90791
008 991001s1997 eng d
020 |a 3-540-62642-5 
035 |l 10053268 
040 |a GR-MY-UA  |b gre  |e aacr 
041 0 |a eng 
082 0 |a 650.01513 
245 1 0 |a Financial mathematics :  |b lectures given at the 3rd session of the Centro Internazionale Matematico Estivo (C.I.M.E) held in Bressanone, Italy, July 8-13, 1996 /  |c B. Biais...[et al.] ; editor, W.J. Runggaldier 
260 |a Berlin ; New York :   |b Springer-Verlag,   |c c1997 
300 |a vi, 316 p.;  |b ill.;  |c 24 cm. 
490 1 |a Lecture notes in mathematics (Springer-Verlag)  |v ; 1656 
504 |a Includes bibliographical references. 
650 0 0 |a Business mathematics. 
700 1 |a Biais, B.   |q (Bruno) 
700 1 |a Runggaldier, W. J.   |q (Wolfgang J.)  |e edt 
710 2 |a Centro internazionale matematico estivo. 
830 0 |a Lecture notes in mathematics (Springer-Verlag)  |v ; 1656 
852 |a INST  |b SAMOS  |e 19991001  |h 650.01513 FIN  |p 005300016974  |q 005300016974  |t BK  |y 0 
852 |a INST  |b SAMOS  |e 20001215  |h 650.01513 FIN  |p 005300018257  |q 005300018257  |t BK  |y 0 
852 |a INST  |b SAMOS  |e 20001215  |h 650.01513 FIN  |p 005300018258  |q 005300018258  |t BK  |y 0 
852 |a INST  |b SAMOS  |e 20001218  |h 650.01513 FIN  |p 005300018277  |q 005300018277  |t BK  |y 0 
852 |a INST  |b SAMOS  |e 20001218  |h 650.01513 FIN  |p 005300018278  |q 005300018278  |t BK  |y 0 
852 |a INST  |b SAMOS  |e 20001218  |h 650.01513 FIN  |p 005300018279  |q 005300018279  |t BK  |y 0 
901 |a BIBL3-1999-3 
909 |a Σ  |b 067378 
909 |a Σ  |b 081369 
909 |a Σ  |b 081367 
909 |a Σ  |b 081368 
909 |a Σ  |b 081389 
909 |a Σ  |b 081388 
922 |a 3ΕΛΗ  |b 199909  |c ΕΠΕΑΕΚ/ΜΑΘ  |d ΠΑΠΑΣΩΤΗΡΙΟΥ 
922 |a 3ΕΛΗ  |b 200011  |c ΤΣΑΕ  |d ΠΑΠΑΣΩΤΗΡΙΟΥ 
970 |a ΚΟΣΙΕΡΗΣ  |b ΧΡΗΣΤΟΣ  |z 1999/10/01